000 00410nam a2200181Ia 4500
001 414
005 20260306140516.0
008 260306t2011||||xx |||||||||||||| ||spa||
041 _aESP
082 _a111.1
_bT69E
100 _aAquino, Tomás de
_eAUT
245 0 _aEl ente y la esencia
260 _c2011
300 _a296 páginas :
_c24 cm.
650 _aGEN
654 _aCHU
942 _cLIB
_dJUS
_fJUS
_2ddc
_n
999 _c414
_d414